000 00648nam a22001937a 4500
003 koha_MIRAKIL
005 20250924130020.0
008 250415b tur||||| |||| 00| 0 tur d
020 _a9786257186636
040 _aTR-IsEVY
_btur
_cTR-IsEVY
082 _aR 030 MAR/M
100 _aMartin, Claudia
245 0 _aMeraklı çocuklar için bayraklar ansiklopedisi /
_cClaudia Martin.
260 _aİstanbul :
_bBilgiyolu Kültür Yayınları,
_c2023.
300 _a125 s. :
_brenkli resimli ;
_c28 cm.
490 0 _aMeraklı Çocuklar İçin.
650 _aBaşvuru Kaynakları.
_vAnsiklopediler.
_vBayraklar
_vÜlke Bayrakları.
942 _2ddc
_cBK
999 _c21763
_d21763